000 00338nam a2200145Ia 4500
008 230917s9999||||xx |||||||||||||| ||und||
040 _e55374
_aMAIN
041 _aEnglish
082 _a363.325 S57G
100 _aSondhi, sunil
245 0 _aGlobal terror
260 _aNew Delhi
_bSanjay
_c2001
300 _avii, 268 p.
942 _cBK
999 _c112104
_d112104